Miguel a ja

Bibliographic Details
Main Author: Alvarez, Antonio López (Author)
Other Authors: Truban, Ján (Translator)
Format: Article
Language:Slovak
PhysicalDescription:Fot. 1.
Subjects:

MARC

LEADER 00000nab a2200000 a 4500
001 vtls000138913
003 SK-MaSNL
005 20260304074451.0
008 250422c1982 xo 0 slo
015 |a SNBRB19rr/mm-uuuuu 
035 |a CL0149019 
035 |a urn:nbn:sk:snk-abbbrv 
035 |a (urnnbn)urn:nbn:sk:snk:ar-006hn6 
035 |a (uuid)df21e667-29f7-4128-a797-3d0c15a777e2 
040 |a SNKBUCL  |b slo  |c SNKBUCL  |e AACR2 
041 0 |a slo 
044 |a xo  |c SK 
080 |a 860-3  |2 1981 
100 1 |a Alvarez, Antonio López  |4 aut  |9 1364028 
245 1 0 |a Miguel a ja  |c Antonio López Alvarez ; Ján Truban 
300 |b Fot. 1. 
650 0 7 |a poviedky psychologické  |2 snkbucl  |9 893883 
655 7 |a články z novín a časopisov  |2 snkbucl  |9 267496 
700 1 |a Truban, Ján  |4 trl  |9 387048 
773 0 |t Revue svetovej literatúry  |g Roč. 18, č. 5 (1982), s. 79-81 
850 |a Slovenská národná knižnica 
852 |a Slovenská národná knižnica 
958 |a article15 
958 |a OND 
958 |a RK 
958 |a LX 
958 |a EUIPO 
999 |c 2776331  |d 2778261